000
00235nam a2200097Ia 4500
001
683261
005
20250826161434.0
008
250824s9999 xx 000 0 und d
245
0
_a
AŞKI SÖYLEMEK
_c
AYLA ABAK
260
_b
TİMAŞ YAYINLARI
999
_c
683261
_d
683261